| 000 | 00459nab a2200145Ia 4500 | ||
|---|---|---|---|
| 003 | ES-SlBCS | ||
| 005 | 20210601133832.0 | ||
| 008 | 140529s1982 xxu||||| |||| 00| 0 por d | ||
| 041 | _apor | ||
| 100 | 1 |
_aCharif Simao, Antuan _924600 |
|
| 245 | 0 | 0 |
_aNecessidade de uma Reestruturaçao do Pensamento Ontológico _c Antuan Charif Simao |
| 650 | 0 | 4 |
_aOntología _985850 |
| 773 | 0 |
_tPresença Filosofica _gvol. 8, nº. 3-4, 1982, págs. 47-52 _wRev966 |
|
| 942 | _cAR | ||
| 999 |
_c602877 _d602877 |
||